000 00286nam a22001337a 4500
008 170522b xxu||||| |||| 00| 0 eng d
020 _a9780618370412
041 _aeng
080 _25TH
_a94
100 _a16
101 _aSHH
245 _aTHE HUMAN RECORD
_cANDREA
942 _2udc
_cBK
999 _c13808
_d13808